00900nam a22002537a 45000010005000000030006000050050017000110080041000280200018000690400029000870500015001160820011001311000016001422450068001582600045002263000055002714900043003265050008003695200140003775210021005175210020005386500042005586500046006005373FISKH20241128154402.0241128b cb ||||| |||| 00| 0 eng d a9780531219676 aFISKHbengcFISKHdFISKH aTK5105.I57 a004.67 aTomtov, Nel aInternet Inventors :bBringing History to Life /cby Nel Yomtov aNew York : bChildren's Press ; c2013.  a64 pages : bcolor illustrations, maps ;c24 cm .  a Cornerstones of FreedomvThird Series aZ  a"Read about the wasys the internet has changed since it's earliest days and learn how it has shaped our nation today"--P. [4] of cover.8 a1070 bLexile 8 aZ bRaz-Plus  aInternet-HistoryvJuvenile literature aInventors- BiographyvJuvenile literatre